| 000 -CABECERA |
| fixed length control field |
01543nam a22003377a 4500 |
| 003 - IDENTIFICADOR DEL NÚMERO DE CONTROL |
| control field |
AR-CdUCM |
| 008 - DATOS DE LONGITUD FIJA--INFORMACIÓN GENERAL |
| fixed length control field |
260108b2024 spa||||| |||| 00| 0 eng d |
| 020 ## - NÚMERO INTERNACIONAL ESTÁNDAR DEL LIBRO |
| ISBN |
978-612-03-0369-6 |
| 040 ## - FUENTE DE LA CATALOGACIÓN |
| Agencia/entidad que catalogó originalmente la obra |
MUNICIPALIDAD PROVINCIAL DEL CUSCO |
| Entidad que transcribió la catalogación |
BIBLIOTECA MUNICIPAL DEL CUSCO |
| 082 ## - NÚMERO DE LA CLASIFICACIÓN DECIMAL DEWEY |
| No. de Clasificación |
398.209 / |
| Notacion interna |
A77 |
| 100 ## - ENTRADA PRINCIPAL--NOMBRE DE PERSONA |
| Nombre Personal |
Arroyo Chávez, Justo Román. |
| 245 ## - MENCIÓN DE TÍTULO |
| Título |
Maras Urubamba Yucay : |
| Resto del título |
Tradición, Naturaleza y Cultura / |
| 260 ## - PUBLICACIÓN, DISTRIBUCIÓN, ETC. |
| Lugar de publicación, distribución, etc. |
Cusco |
| Nombre de la editorial, distribuidor, etc. |
Justo Román Arroyo Chávez |
| 300 ## - DESCRIPCIÓN FÍSICA |
| Nº de Páginas Extensión |
249 Páginas. : |
| Dimensiones |
15 x 20cm. |
| 500 ## - NOTA GENERAL |
| Bibliografía |
Páginas 201 - 205. |
| 505 ## - NOTA DE CONTENIDO CON FORMATO |
| Nota de contenido formateada |
I. Maras: Descubriendo -- Manifestaciones Culturales -- Aspecto religioso -- El arte -- Portadas -- Las Salineras -- Investigación -- II. Urubamba: Breve reseña histórica de la Sagrada Cruz del Señor de Torrechayoc -- El Valle del Willcamayu -- Atractivos turísticos -- Convento de los Jesuitas -- Sitio Arqueológico de Yanaconas -- III. Yucay: Durante la colonia -- Aspecto religioso.... |
| 650 ## - PUNTO DE ACCESO ADICIONAL DE MATERIA--TÉRMINO DE MATERIA |
| Descriptor |
Extensión |
| 9 (RLIN) |
51929 |
| 650 ## - PUNTO DE ACCESO ADICIONAL DE MATERIA--TÉRMINO DE MATERIA |
| Descriptor |
Relieve del suelo |
| 9 (RLIN) |
51930 |
| 650 ## - PUNTO DE ACCESO ADICIONAL DE MATERIA--TÉRMINO DE MATERIA |
| Descriptor |
Maras Intercomunicado con el Qhapaq Ñan |
| 9 (RLIN) |
51931 |
| 650 ## - PUNTO DE ACCESO ADICIONAL DE MATERIA--TÉRMINO DE MATERIA |
| Descriptor |
La iglesia colonial |
| 9 (RLIN) |
51932 |
| 650 ## - PUNTO DE ACCESO ADICIONAL DE MATERIA--TÉRMINO DE MATERIA |
| Descriptor |
La fiesta religiosa |
| 9 (RLIN) |
51933 |
| 650 ## - PUNTO DE ACCESO ADICIONAL DE MATERIA--TÉRMINO DE MATERIA |
| Descriptor |
Templo Parroquial |
| 9 (RLIN) |
51934 |
| 650 ## - PUNTO DE ACCESO ADICIONAL DE MATERIA--TÉRMINO DE MATERIA |
| Descriptor |
Estudios de las Relaciones |
| 9 (RLIN) |
51935 |
| 650 ## - PUNTO DE ACCESO ADICIONAL DE MATERIA--TÉRMINO DE MATERIA |
| Descriptor |
Antecedentes Históricos |
| 9 (RLIN) |
51936 |
| 650 ## - PUNTO DE ACCESO ADICIONAL DE MATERIA--TÉRMINO DE MATERIA |
| Descriptor |
Casa del Inca Huayna Cápac |
| 9 (RLIN) |
51937 |
| 650 ## - PUNTO DE ACCESO ADICIONAL DE MATERIA--TÉRMINO DE MATERIA |
| Descriptor |
Andenes de Yucay |
| 9 (RLIN) |
51938 |
| 650 ## - PUNTO DE ACCESO ADICIONAL DE MATERIA--TÉRMINO DE MATERIA |
| Descriptor |
La Catedral de Santiago de Oropeza |
| 9 (RLIN) |
51939 |
| 942 ## - ELEMENTOS DE PUNTO DE ACCESO ADICIONAL (KOHA) |
| Fuente de clasificación |
|
| Tipo de item |
Libros-BMC |
| 945 ## - PROCESAMIENTO DE INFORMACIÓN LOCAL (OCLC) |
| Catalogador |
jmcs |
| AAAA-MM-DD - Fecha de ingreso o modificacion |
31/12/2025 |